Statistiken für Burgen und Schlösser GEOEPOCHE Panorama

Klicken Sie hier um das Quiz zu spielen!

Allgemein

  • Dieses Quiz wurde 24 mal gespielt
  • Das Durchschnittsergebnis liegt bei 5 aus 20

Antwortstatistiken

Answer% Korrekt
Neuschwanstein
90%
Schloss {Schwerin}
75%
Burg {Hohenzollern}
55%
Burg {Eltz}
45%
Schloss {Linderhof}
30%
Reichsburg {Cochem}
20%
Schloss {Glücksburg}
20%
Hohenschwangau
20%
Schloss {Lichtenstein}
20%
Marksburg
15%
Schloss {Marienburg}
15%
Schloss {Muskau}
10%
{Löwenburg} Kassel
10%
Schloss {Moyland}
5%
Schloss {Braunfels}
5%
Schloss {Bückeburg}
5%
Schloss {Nordkirchen}
5%
Burg {Pfalzgrafenstein}
5%
Schloss {Ralswiek}
5%
Wasserburg {Anholt}
5%

Verteilung der Resultate

Perzentil nach korrekt beantworteten Fragen

Anzahl Personen mit jedem Resultat

Ihre Resultats-Entwicklung

Sie haben dieses Quiz noch nicht gespielt